Health and well-being: An emerging trends (Record no. 2074)

MARC details
000 -LEADER
fixed length control field 00537nam a2200181Ia 4500
008 - FIXED-LENGTH DATA ELEMENTS--GENERAL INFORMATION
fixed length control field 230917s9999||||xx |||||||||||||| ||und||
020 ## - ISBN
Price RS 2500.00
040 ## - CATALOGING SOURCE
-- 5006461
Original cataloging agency VIVEKANANDA LIBRARY
041 ## - Language
-- English
082 ## - DDC NUMBER
Classification number 157.9 H349H(2)
100 ## - MAIN ENTRY--PERSONAL NAME
Personal name Ojha, Sandhya, ed.
245 #0 - TITLE STATEMENT
Title Health and well-being: An emerging trends
250 ## - EDITION STATEMENT
Edition statement 2nd ed.
260 ## - PUBLICATION, DISTRIBUTION, ETC. (IMPRINT)
Place of publication, distribution, etc New Delhi
Name of publisher, distributor, etc Global Vision Publishing House
Date of publication, distribution, etc 2020
300 ## - PHYSICAL DESCRIPTION
Pages xxii, 487 p.
500 ## - GENERAL NOTE
General note 4049 18/03/2020 HBD20/8386 18/03/2020 PSYCHOLOGY PROJECT(Dr. SONIA MALIK)
942 ## - ADDED ENTRY ELEMENTS (KOHA)
Koha item type Books
Holdings
Withdrawn status Lost status Damaged status Not for loan Location (home branch) Sublocation or collection (holding branch) Date acquired Koha issues (times borrowed) Koha full call number Accession No. Koha date last seen Koha item type
        VIVEKANANDA LIBRARY VIVEKANANDA LIBRARY 11/05/2020   157.9 H349H(2) 396937 17/09/2023 Books
© Designed and Maintained by Vivekananda Library, MDU Rohtak